| 000 | 00785nas a2200241 4500 | ||
|---|---|---|---|
| 001 | BR9605841 | ||
| 003 | BR-BrBNA | ||
| 005 | 20231205095402.0 | ||
| 007 | ta | ||
| 008 | 230509b bl.|||p| |||| 00| 00por d | ||
| 040 |
_aBR-BrBNA _bpor _cBiblioteca Nacional de Agricultura |
||
| 041 | _a(Pt) | ||
| 072 | _aF30 | ||
| 100 | 1 | _aPortes, T. de A. | |
| 100 | 1 | _aMagalhaes, A.C.N. | |
| 245 | 1 | _aAnalise comparativa de diferentes genotipos de feijao atraves da medicao da fluorescencia da clorofila a e do balanco de O2 | |
| 650 | _aFeijao | ||
| 650 | _aGenotipo | ||
| 650 | _aClorofila | ||
| 773 | 0 |
_tRevista Brasileira de Fisiologia Vegetal (Brazil) _xISSN 0103-3131 _g(Jan-Jun 1993), v. 5(1) p. 17-23 _wBR9605841 |
|
| 909 |
_a202311 _bLúcia _c55 _dLúcia Elande |
||
| 942 |
_2AGRIS _n0 _cANA |
||
| 999 |
_c150363 _d150363 |
||